00937nam a22002295i 4500001000700000003000900007005001700016008004100033040002000074100001300094245015700107250003100264260004200295300005900337505007100396600001200467600002000479600003000499600003600529700003200565852011000597162329ES-MaACL20250821085046.0041112s1803 fr |||| | fre d aCAM bspa cCAM0 aPlutarco14aLes vies des hommes illustres. nTome douzième / cde Plutarque ; traduites en françois, avec des remarques historiques et critiques, par M. Dacier. aNouv. éd., rev. et corr. aA Lyon : bchez Amable Leroy, c1803. a[4], 402 p., [1] h. en bl., [4] h. de grab. ; c17 cm.8 aContiene, según consta en port.: Dion, Brutus, Artaxerxe, Aratus04aDión.14aArato de Solos.17aBruto, Marco Junio2embne14aArtajerjes bI cRey de Persia.1 aDacier, André,d1651-1722 aES-MaACLjZ-264 z-- Enc. pasta española z-- Ex-libris ms. de Juan Antonio Posse, cura de San Andrés